| 000 | 00532 a2200181 4500 | ||
|---|---|---|---|
| 003 | OSt | ||
| 005 | 20180116182722.0 | ||
| 008 | 160901b xxu||||| |||| 00| 0 eng d | ||
| 020 | _a0 | ||
| 040 | _c0 | ||
| 082 | _a954.910720 ZIA 2000 | ||
| 100 | _aProfessor Ziauddin Ahmad | ||
| 245 |
_aMohammad Ali Jinnah The Architect of Pakistan _cProfessor Ziauddin Ahmad |
||
| 260 |
_aPakistan _bNIL _c2000 |
||
| 300 |
_a223 p. _bHB |
||
| 440 | _aMohammad Ali Jinnah The Architect of Pakistan | ||
| 942 |
_aNBS _cBK _k954.910720 ZIA 2000 _2ddc |
||
| 999 |
_c344734 _d344734 |
||